Olympique de Marseille - Tous les joueurs de 2000 à 2010 - Statistiques

Statistiques générales
  • Ce quiz a été pris 28 fois
  • Le résultat moyen est 51 sur 171
Statistiques - réponses
Saisons Nationalité Joueur Nombre
De Matchs
Poste % Correct
2001 - 2002 France IbrahimBa 11 M
95%
2003 - 2004 Sénégal KhalifaBa 1 D
95%
2005 - 2010 Sénégal MamadouNiang 227 A
95%
2007 - 20162017 - 2022 France SteveMandanda 613 G
95%
2007 - 2014 France BenoitCheyrou 306 M
86%
2004 - 2005 France BrunoCheyrou 20 M
86%
2003 - 2004 CoteD'Ivoire DidierDrogba 55 A
86%
1992 - 19952003 - 2006 France FabienBarthez 228 G
86%
2004 - 2011 Nigéria TayeTaiwo 271 D
86%
2007 - 20082010 - 2015 Ghana AndréAyew 209 A
82%
2005 - 2007 France FranckRibéry 89 A
82%
2009 - 2014 Ghana JordanAyew 147 A
82%
2005 - 2009 Albanie LorikCana 175 D/M
77%
2006 - 2014 France MathieuValbuena 330 M
77%
2004 - 2008 France SamirNasri 166 M/A
77%
2009 - 2014 Sénégal SouleymaneDiawara 164 D
77%
2009 - 2011 Argenetine GabrielHeinze 77 D
73%
2009 - 2012 Argentine LuchoGonzalez 124 M
73%
2007 - 2013 BurkinaFaso CharlesKaboré 193 M
68%
2006 - 2008 France DjibrilCissé 80 A
68%
2009 - 2011 France EdouardCissé 77 M
68%
2001 - 2004 Belgique DanielVan Buyten 98 D
64%
2003 - 2007 Sénégal HabibBeye 174 D
64%
2008 - 2012 Brésil Brandao 116 A
59%
2002 - 20032005 - 2009 France CédricCarrasso 85 G
59%
2008 - 2010 CoteD'Ivoire BakariKoné 80 A
55%
2009 - 2010 Espagne FernandoMorientes 19 A
55%
2000 - 2001 Libéria GeorgeWeah 20 A
55%
2008 - 2010 France HatemBen Arfa 91 M
55%
2004 - 2005 France BenoitPedretti 33 M
45%
2001 - 2003 France FrankLeboeuf 56 D
45%
1999 - 2003 CoteD'Ivoire IbrahimaBakayoko 136 A
45%
2007 - 2010 France LaurentBonnart 138 D
45%
2005 - 2007 France MickaelPagis 64 A
45%
2006 - 2009 Cameroun ModesteM'Bami 100 M
45%
2004 - 2005 France BixenteLizarazu 15 D
41%
2004 - 2005 France FabriceFiorèse 19 A
41%
2004 - 2006 France FrédéricDehu 74 D
41%
2006 - 2010 France JulienRodriguez 57 D
41%
2009 - 2012 Cameroun Stéphane M'Bia 102 M
41%
2000 - 2006 CoteD'Ivoire AbdoulayeMeité 156 D
36%
2007 - 2009 Pays - Bas BoudewijnZenden 76 A
36%
2003 - 2004 France CamelMeriem 49 M
36%
1997 - 19981999 - 2003 Algérie DjamelBelmadi 72 M
36%
2009 - 2011 France FabriceAbriel 76 M
36%
2007 - 2009 France GaelGivet 41 D
36%
2006 - 2007 France HassounCamara 1 D
36%
2004 - 2005 France PéguyLuyindula 42 A
36%
2006 - 2009 Guadeloupe RonaldZubar 100 D
36%
2005 - 2007 France ToifilouMaoulida 69 A
36%
2001 - 2004 Croatie VedranRunje 103 G
36%
2008 - 2011 Brésil VitorinoHilton 81 D
36%
1997 - 2001 France WilliamGallas 108 D
36%
2000 - 2002 France ZoumanaCamara 46 D
36%
1995 - 19962001 - 2002 France GuillaumeDeschamps 4 A
32%
2007 - 2009 Algérie KarimZiani 68 M
32%
2003 - 2004 Egypte Mido 34 A
32%
2009 - 2012 Portugal Andrade 9 G
27%
1998 - 2001 France FlorianMaurice 83 A
27%
1999 - 2002 France JeromeLeroy 58 M
27%
2000 - 2004 Cap - Vert ManuelDos Santos 121 D
27%
2008 - 2009 France SylvainWiltord 14 A
27%
2001 - 2002 France WilfriedDalmat 14 A
27%
2005 - 2008 Nigéria WilsonOruma 90 M
27%
2000 - 2005 Algérie BrahimHemdani 122 M
23%
2001 - 2003 France CyrilChapuis 49 A
23%
1999 - 2001 France CyrillePouget 29 A
23%
2001 - 2003 2005 - 2006 Portugal Delfim 46 M
23%
2004 - 2005 Brésil EduardoCosta 32 M
23%
2002 - 2004 Suisse FabioCelestini 77 M
23%
1997 - 2001 France FrédéricBrando 135 M
23%
1998 - 2001 France JacquesAbardonado 41 D
23%
2003 - 2006 Espagne Koke 54 A
23%
2001 - 2003 Sénégal LamineSakho 46 A
23%
2004 - 20052007 - 2008 2010 - 2011 2012 - 2013 Sénégal LeytiN'Diaye 14 D
23%
2008 - 20092010 - 2011 Mali MamadouSamassa 33 A
23%
2005 - 2006 Sénégal Mame N'Diaye 4 D
23%
2003 - 2004
France MathieuFlamini 24 M
23%
2001 - 2002 France PascalNouma 14 A
23%
1998 - 2001 France PatrickBlondeau 78 D
23%
1996 - 2001 AfriqueDu Sud PierreIssa 59 D
23%
2005 - 20072008 - 2009 Argentine RenatoCivelli 63 D
23%
2003 - 2005 France SteveMarlet 69 A
23%
2003 - 2005 Sénégal SylvainN'Diaye 62 M
23%
2001 - 2002 Espagne Alfonso 13 A
18%
2005 - 2006 Brésil AndréLuis 24 D
18%
2005 - 2007 Slovénie BostjanCésar 39 D
18%
2000 - 2001 France BrunoN'Gotty 35 D
18%
2001 - 20022009 - 2010 France CyrilRool 6 D
18%
2003 - 2006 Brésil DemetriusFerreira 85 D
18%
1999 - 2001 Mali DramaneCoulibaly 7 A
18%
2005 - 20072009 - 2010 France GarryBocaly 10 D
18%
2004 - 20052006 - 2007 BurkinaFaso HabibBamogo 56 A
18%
2007 - 20082011 - 2012 France Jean - PhilippeSabo 11 D
18%
2002 - 2003 France JeromePerez 2 D
18%
2001 - 2002 Nigéria JosephYobo 24 D
18%
2004 - 2006 Japon KojiNakata 15 M
18%
2003 - 2005 France LaurentBatlles 65 M
18%
2003 - 2005 France PhilippeChristanval 17 D
18%
2008 - 2011 France RudyRiou 1 G
18%
2005 - 2007 France SabriLamouchi 55 M
18%
2006 - 2008 Algérie SalimArrache 15 A
18%
2001 - 20032004 - 2007 Cameroun SalomonOlembé 88 M
18%
1999 - 2001 2002 - 2004 France SébastienPérez 94 D
18%
2001 - 2002 Italie StefanoTorrisi 2 D
18%
2003 - 2004 RépubliqueTchèque StepanVachousek 35 M
18%
1999 - 2001 France StéphaneTrévisan 37 G
18%
2008 - 2009 Jamaique TyroneMears 7 D
18%
2005 - 2007 France AlainCantareil 18 D
14%
2001 - 2002 Espagne AlbertoRivera 15 M
14%
2000 - 2001 Bosnie AlenSkoro 7 A
14%
2005 - 2006 France AlexisPradie 1 D
14%
2005 - 2006 Pérou AndrésMendoza 20 A
14%
1999 - 2003 France BenjaminGavanon 3 M
14%
1997 - 19992000 - 2001 France CédricMouret 27 M
14%
2005 - 2006 Argentine ChristianGiménez 33 A
14%
2000 - 2002 France DamienGrégorini 12 G
14%
2003 - 2004 Guadeloupe DavidSommeil 13 D
14%
2001 - 2002 Brésil Dill 5 A
14%
2001 - 2002 Portugal Dimas 8 D
14%
2005 - 2006 Sénégal DjimeNgom 1 A
14%
2002 - 2004 Russie DmitriySychev 44 A
14%
2001 - 2003 Argentine EduardoTuzzio 24 D
14%
2007 - 2009 France ElliotGrandin 22 M
14%
2001 - 2002 France FabriceFernandes 4 A
14%
2001 - 2004 Brésil Fernandao 73 A
14%
2007 - 2008 Sénégal JacquesFaty 17 D
14%
2003 - 2005 France JérémyGavanon 13 G
14%
2000 - 2001 Serbie JovanStankovic 7 M
14%
2007 - 2008 Argentine JuanKrupoviesa 8 D
14%
2001 - 2002 Belgique JurgenCavens 7 A
14%
2007 - 2008 CoteD'Ivoire KangaAkalé 22 A
14%
1999 - 2002 France KarimDahou 13 M
14%
2000 - 2001 Suéde KlasIngesson 14 M
14%
2002 - 2004 France LaurentMerlin 3 M
14%
2000 - 2001 Argentine LucasBernardi 9 M
14%
2007 - 2008 Congo MattMoussilou 4 A
14%
2000 - 20012002 - 2003 France MickaelMarsiglia 5 M
14%
2002 - 2004 France PascalJohansen 60 M
14%
2001 - 2003 Pologne PiotrSwierczewski 41 M
14%
2003 - 2006 Sénégal RahmanrBarry 7 A
14%
2003 - 2004 RépubliqueTchèque RudiSkacel 24 M
14%
2005 - 2007 France ThomasDeruda 11 M
14%
2005 - 2006 France VincentGastine 1 M
14%
2007 - 2008 France VincentGragnic 4 M
14%
2009 - 2010 Gabon AlexanderN'Doumbou 2 M
9%
2001 - 2002 Brésil AndréLuiz 26 M
9%
1999 - 2001 Argentine DanielMontenegro 9 M
9%
2008 - 2009 Maroc ElamineErbate 6 D
9%
2001 - 2004 France FabienLaurenti 20 D
9%
2001 - 2002 France FranckJurietti 20 D
9%
2007 - 2011 France GuyGnabouyou 5 A
9%
1991 - 19931994 - 1997 2000 - 2001 France Jean - ChristopheMarquet 116 D
9%
2005 - 2006 France JéromeBonnissel 6 D
9%
2002 - 2005 Frannce JohnnyEcker 73 D
9%
2000 - 2001 Brésil MarcelinhoParaiba 21 M/A
9%
2002 - 2003 France MichelGafour 6 M
9%
2005 - 20062008 - 2009 France MohamedDennoun 2 M
9%
2003 - 2004 France NicolasCicut 1 A
9%
2000 - 2001 Argentine PabloCalandria 1 A
9%
2007 - 20082009 - 2010 2012 - 2013 Sénégal PapeM'Bow 12 D
9%
2001 - 2002 France PhilippeBrunel 11 M
9%
2006 - 2008 France SébastienHamel 2 G
9%
2003 - 2004 Guadeloupe TherryRacon 1 M
9%
2004 - 2005 France AhmedYahiaoui 5 M
5%
2005 - 2006 France AnthonyFlachi 1 M
5%
2003 - 2004 Tunisie FabienCamus 2 M
5%
2005 - 2006 France FabriceBegeorgi 2 D
5%
2005 - 2006 Sénégal MoustaphaPapa Diop 1 M
5%
2002 - 2003 Sénégal PapisM'Bodji 2 A
5%
2000 - 2001 Brésil AdrianoGabiru 14 M
0%
Aucun quiz correspondant
Distribution des résultats
% des personnes avec chaque résultat
Percentile par nombre de réponses
Votre historique - résultats
Vous n’avez pas pris ce quiz